A gazdasági építőmunka eredményei, feladatai közlemény az MSZMP Csongrád Megyei Bizottságának üléséről

Elmentve itt :
Bibliográfiai részletek
Dokumentumtípus: Cikk
Megjelent: 1980-08-10
Sorozat:Délmagyarország 70 No. 187
Kulcsszavak:Csongrád megye, Politikai élet párt Magyar Szocialista Munkáspárt Csongrád megye, Gazdaságpolitika Csongrád megye, MSZMP Csongrád Megyei Bizottság
Online Access:http://dmarchiv.bibl.u-szeged.hu/84973
LEADER 00632nab a2200145 i 4500
001 delm84973
005 20190531110541.0
008 190531s1980 hu o 0|| hun d
040 |a SZTE Délmagyarország Archívum  |b hun 
041 |a hun 
245 0 2 |a A gazdasági építőmunka eredményei, feladatai   |h [elektronikus dokumentum] :  |b közlemény az MSZMP Csongrád Megyei Bizottságának üléséről 
260 |c 1980-08-10 
300 |a 3 
490 0 |a Délmagyarország  |v 70 No. 187 
695 |a Csongrád megye, Politikai élet párt Magyar Szocialista Munkáspárt Csongrád megye, Gazdaságpolitika Csongrád megye, MSZMP Csongrád Megyei Bizottság